Balance hídrico de la cuenca del lago Cocibolca

Este trabajo monográfico contiene estimación del balance hídrico de la cuenca del lago de Nicaragua, cálculo de la precipitación media, sobre la cuenca, estimación de la evapotranspiración real, se calcula el escurrimiento superficial y se hace una estimación de agua en la cuenca del lago de...

Full description

Bibliographic Details
Main Authors: Sequeira Moreno, Sandra María, Martínez Ríos, Edgar Horacio
Other Authors: Tutor: Moreno Ayestas, Sandra
Format: Tesis Section = Libro
Language:Undetermined
Spanish
Published: Managua UNI 1996
Subjects:
LEADER 00936nam a2200217Ia 4500
008 240830s9999 xx 000 0 und d
040 |a BIBLIOTECA-RUPAP Mon 551.48 S479 
041 |a spa 
082 |a Mon 551.48 S479 
100 1 |a Sequeira Moreno, Sandra María 
100 1 |b Martínez Ríos, Edgar Horacio 
245 1 0 |a Balance hídrico de la cuenca del lago Cocibolca 
260 |a Managua  |b UNI  |c 1996 
300 |a 153 p. :il. 
502 |a Tesis (Ingeniero Civil)- UNI, 1996. 
520 3 |a Este trabajo monográfico contiene estimación del balance hídrico de la cuenca del lago de Nicaragua, cálculo de la precipitación media, sobre la cuenca, estimación de la evapotranspiración real, se calcula el escurrimiento superficial y se hace una estimación de agua en la cuenca del lago de Nicaragua. 
650 7 |a HIDROLOGIA 
700 1 |a Tutor:  |b Moreno Ayestas, Sandra 
942 |c BK  |2 ddc 
991 |a TESIS 
999 |c 15653